000 00436nam a2200169Ia 4500
005 20251020182555.0
008 200515s9999 xx 000 0 und d
082 _aR/801.321=22/C28
100 _aCASLER, Ken PALMER, David
245 0 _aBusiness Assignments : Eight Advanced case studies with video : Information file
260 _aNew York
260 _c1995
300 _a152
650 _aINGLES
650 _aLIB
942 _cLIB
999 _c2879
_d2879